Pretty little liars. The complete first season ... Read More
Available copies
- 2 of 2 copies available at LARL/NWRL Consortium.
- 2 of 2 copies available at Northwest Regional Library. (Show preferred library)
Current holds
0 current holds with 2 total copies.
Show Only Available Copies
| Location | Call Number / Copy Notes | Barcode | Shelving Location | Status | Due Date |
|---|---|---|---|---|---|
| Grygla LINK Site | DVD PRE (Text) | 35500005402274 | Main | Available | - |
| Thief River Falls Public Library | DVD PRE (Text) | 35500005011307 | Main | Available | - |
Record details
- ISBN: 0780671546
- ISBN: 9780780671546
- Physical Description: 5 videodiscs (963 min.) : sd., col. ; 4 3/4 in.
- Publisher: Burbank, CA : Distributed by Warner Home Video, 2011
Content descriptions
| General Note: | Title from container. Based upon the series of books by Sara Shepard. DVD release of episodes originally broadcast on television in 2010-2011. Special features: Pretty little liars: two truths and a lie; It all started with a little lie; ... Read More |
| Formatted Contents Note: | Disc one. Pilot ; The Jenna thing ; To kill a ... Read More |
| Participant or Performer Note: | Troian Bellisario, Ashley Benson, Holly Marie ... Read More |
| Summary, etc.: | Four friends band together against an anonymous ... Read More |
| Target Audience Note: | MPAA rating: Not rated. |
| System Details Note: | DVD ; NTSC ; Dolby digital 5.1 surround ; ... Read More |
| Language Note: | In English, with optional subtitles in English or ... Read More |
Search for related items by subject
| Subject: | Friendship > Drama. Secrecy > Drama. Conduct of life > Drama. High schools > Drama. |
| Genre: | Detective and mystery television programs. Television programs. Television series. Television adaptations. Video recordings for the hearing impaired. |
Search for related items by series
| LDR | 04042cgm a2200793Ia 4500 | ||
|---|---|---|---|
| 001 | 132781 | ||
| 003 | LARL_NWRL_CONSORTIUM | ||
| 005 | 20170804140551.0 | ||
| 007 | vd cvaizq | ||
| 008 | 110526s2011 cau963 vleng d | ||
| 020 | . | ‡a0780671546 | |
| 020 | . | ‡a9780780671546 | |
| 024 | 1 | . | ‡a883929173303 |
| 028 | 4 | 2. | ‡a3000037058 ‡bWarner Home Video |
| 028 | 4 | 2. | ‡a3000037057 ‡bWarner Home Video |
| 028 | 4 | 2. | ‡a2000047352 ‡bWarner Home Video (disc 1) |
| 028 | 4 | 2. | ‡a2000047353 ‡bWarner Home Video (disc 2) |
| 028 | 4 | 2. | ‡a2000047354 ‡bWarner Home Video (disc 3) |
| 028 | 4 | 2. | ‡a2000047355 ‡bWarner Home Video (disc 4) |
| 028 | 4 | 2. | ‡a2000047356 ‡bWarner Home Video (disc 5) |
| 035 | . | ‡a(OCoLC)727132631 | |
| 040 | . | ‡aTEFMT ‡cTEFMT ‡dMR0 ‡dTEF ‡dIVY ‡dAML ‡dNRG | |
| 041 | 1 | . | ‡aeng ‡jeng ‡jfre ‡heng |
| 049 | . | ‡aNRGQ | |
| 082 | 0 | 4. | ‡a791.45/75 ‡222 |
| 245 | 1 | 0. | ‡aPretty little liars. ‡nThe complete first season ‡h[DVD/videorecording] / ‡cWarner Bros. Entertainment Inc. ; developed by I. Marlene King. |
| 246 | 3 | . | ‡aPretty little liars. ‡nSeason 1 |
| 260 | . | ‡aBurbank, CA : ‡bDistributed by Warner Home Video, ‡c2011 | |
| 300 | . | ‡a5 videodiscs (963 min.) : ‡bsd., col. ; ‡c4 3/4 in. | |
| 490 | 0 | . | ‡aPretty little liars ; ‡vSeason 1 |
| 538 | . | ‡aDVD ; NTSC ; Dolby digital 5.1 surround ; widescreen presentation ; dual layer format. | |
| 546 | . | ‡aIn English, with optional subtitles in English or French; Subtitled for the deaf and hard of hearing. | |
| 500 | . | ‡aTitle from container. | |
| 511 | 1 | . | ‡aTroian Bellisario, Ashley Benson, Holly Marie Combs, Lucy Hale, Ian Harding, Bianca Lawson, Laura Leighton, Chad Lowe, Shay Mitchell, Sasha Pieterse. |
| 500 | . | ‡aBased upon the series of books by Sara Shepard. | |
| 500 | . | ‡aDVD release of episodes originally broadcast on television in 2010-2011. | |
| 521 | 8 | . | ‡aMPAA rating: Not rated. |
| 520 | . | ‡aFour friends band together against an anonymous foe who threatens to reveal their darkest secrets. | |
| 505 | 0 | 0. | ‡gDisc one. ‡tPilot ; ‡tThe Jenna thing ; ‡tTo kill a mocking girl ; ‡tCan you hear me now? ; ‡tReality bites me -- ‡gDisc two. ‡tThere's no place like homecoming ; ‡tThe homecoming hangover ; ‡tPlease, do talk about me when I'm gone ; ‡tThe perfect storm ; ‡tKeep your friends close -- ‡gDisc three. ‡tMoments later ; ‡tSalt meets wound ; ‡tKnow your frenemies ; ‡tCarefulo what u wish 4 ; ‡tIf at first you don't succeed, lie, lie again -- ‡tDisc four. Je suis une amie ; ‡tThe new normal ; ‡tThe badass seed ; ‡tA person of interest ; ‡tSomeone to watch over me -- ‡gDisc five. ‡tMonsters in the end ; ‡tFor whom the bells toll ; ‡gSpecial features. |
| 500 | . | ‡aSpecial features: Pretty little liars: two truths and a lie; It all started with a little lie; Little secrets from the set; unaired scenes. | |
| 650 | 0. | ‡aFriendship ‡vDrama. ‡0(LARL_NWRL_CONSORTIUM)172253 | |
| 650 | 0. | ‡aSecrecy ‡vDrama. | |
| 650 | 0. | ‡aConduct of life ‡vDrama. | |
| 650 | 0. | ‡aHigh schools ‡vDrama. | |
| 655 | 7. | ‡aDetective and mystery television programs. ‡2lcgft ‡0(LARL_NWRL_CONSORTIUM)175785 | |
| 655 | 7. | ‡aTelevision programs. ‡2lcgft ‡0(LARL_NWRL_CONSORTIUM)175822 | |
| 655 | 7. | ‡aTelevision series. ‡2lcgft ‡0(LARL_NWRL_CONSORTIUM)175797 | |
| 655 | 7. | ‡aTelevision adaptations. ‡2lcgft ‡0(LARL_NWRL_CONSORTIUM)175702 | |
| 655 | 7. | ‡aVideo recordings for the hearing impaired. ‡2lcgft ‡0(LARL_NWRL_CONSORTIUM)175744 | |
| 700 | 1 | . | ‡aKing, I. Marlene. ‡0(LARL_NWRL_CONSORTIUM)204386 |
| 700 | 1 | . | ‡aBellisario, Troy. |
| 700 | 1 | . | ‡aBenson, Ashley, ‡d1989- |
| 700 | 1 | . | ‡aCombs, Holly Marie. ‡0(LARL_NWRL_CONSORTIUM)210183 |
| 700 | 1 | . | ‡aHale, Lucy, ‡d1989- |
| 700 | 1 | . | ‡aHarding, Ian, ‡d1986- |
| 700 | 1 | . | ‡aLawson, Bianca, ‡d1979- ‡0(LARL_NWRL_CONSORTIUM)207169 |
| 700 | 1 | . | ‡aLeighton, Laura, ‡d1968- ‡0(LARL_NWRL_CONSORTIUM)215604 |
| 700 | 1 | . | ‡aLowe, Chad, ‡d1968- ‡0(LARL_NWRL_CONSORTIUM)137663 |
| 700 | 1 | . | ‡aMitchell, Shay. |
| 700 | 1 | . | ‡aPieterse, Sasha. |
| 700 | 1 | . | ‡aShepard, Sara, ‡d1977- ‡tPretty little liars. ‡0(LARL_NWRL_CONSORTIUM)216432 |
| 710 | 2 | . | ‡aWarner Bros. Entertainment. ‡0(LARL_NWRL_CONSORTIUM)191744 |
| 710 | 2 | . | ‡aWarner Home Video (Firm) ‡0(LARL_NWRL_CONSORTIUM)139520 |
| 901 | . | ‡a132781 ‡bOCLC ‡c132781 ‡tbiblio | |

Add to basket
Permalink
Disable Highlighting